000 00604nam a2200229Ia 4500
003 OSt
005 20221006164325.0
006 a|||||r|||| 00| 0
007 ta
008 221006b |||||||| |||| 00| 0 eng d
024 _a1,265
037 _cTextual
040 _aFML
_cFML
_beng
041 _2eng
_aeng
082 _a(:f) 0bT, N0
100 _aKaul Lokesh Au.
_9677141
245 0 _aMethodology Of Educational Research
260 _aDelhi
_bVikas Publication
_c1990
300 _a506
_ccm.
942 _h(:f) 0bT, N0
_cTEXL
_2CC
999 _c1116854
_d1116854